[Event "Alexandria op 18th"]
[Site "Alexandria"]
[Date "2012.09.03"]
[Round "8"]
[White "Yehya, Ashraf"]
[Black "Darwish, Mahmoud Hamdy"]
[Result "0-1"]
[WhiteElo "1839"]
[BlackElo "2153"]
[PlyCount "64"]
[EventDate "2012.08.27"]
[EventType "swiss"]
[EventRounds "9"]
[EventCountry "EGY"]
[SourceTitle "CBM 150 Extra"]
[Source "ChessBase"]
[SourceDate "2012.10.19"]
[SourceVersion "1"]
[SourceVersionDate "2012.10.19"]
[SourceQuality "1"]

1. Nf3 Nf6 2. g3 g6 3. Bg2 Bg7 4. d3 d5 5. 0-0 0-0 6. Bd2 c5 7. Na3 Nc6 8. c3 a6 9. Qc1 Re8 10. Nc2 e5 11. Bh6 Bh8 12. Bg5 Qd6 13. Nfe1 Bf5 14. Ne3 Be6 15. f4 d4 16. f5 dxe3 17. fxe6 Rxe6 18. Qxe3 Rf8 19. Nc2 Bg7 20. Qf3 e4 21. dxe4 Nxe4 22. Bf4 Qe7 23. Rad1 f5 24. Qd3 Rd8 25. Qc4 b5 26. Rxd8+ Nxd8 27. Qd5 Nf6 28. Qa8 Rxe2 29. Rd1 Rxc2 30. Rxd8+ Bf8 31. Bh6 Qe1+ 32. Bf1 Qf2+ 0-1